[Event "GBR-ch blitz (Women)"]
[Site "Birmingham"]
[Date "2019.11.16"]
[Round "4"]
[White "Head, Louise"]
[Black "Smith, Madeleine"]
[Result "1/2-1/2"]
[WhiteElo "1844"]
[BlackElo "1354"]
[PlyCount "133"]
[EventDate "2019.11.16"]
[EventType "tourn (blitz)"]
[EventRounds "15"]
[EventCountry "ENG"]
[SourceTitle "BritBase"]
[Source "John Saunders"]
[SourceDate "2024.03.28"]
[SourceVersion "1"]
[SourceVersionDate "2024.03.28"]
[SourceQuality "1"]

1. d4 d5 2. c4 e6 3. Nc3 c5 4. cxd5 cxd4 5. Qxd4 Nc6 6. Qd1 exd5 7. Qxd5 Bd7 8.
Bg5 Nf6 9. Bxf6 Qxf6 10. O-O-O O-O-O 11. Nf3 Bb4 12. Qc4 Ba5 13. e4 Kb8 14. Nd5
Qh6+ 15. Kb1 Be6 16. Qc1 Qg6 17. Qc2 Nb4 18. Nxb4 Rxd1+ 19. Qxd1 Bxb4 20. Bd3
Rd8 21. Qf1 f5 22. Nh4 Qg5 23. Nxf5 Bxf5 24. exf5 Qd2 25. Bc2 Rc8 26. Bb3 Qd4
27. f3 Qe5 28. Qd3 Ba5 29. Qd5 Qc7 30. Rd1 Rd8 31. Qxd8+ Qxd8 32. Rxd8+ Bxd8
33. g4 Kc7 34. f4 h6 35. Kc2 Kd6 36. Kd3 Ke7 37. h4 Bc7 38. Ke4 Bd6 39. g5 hxg5
40. fxg5 Bg3 41. h5 Bh4 42. Kf4 Be1 43. Kg4 Bd2 44. Bc4 a6 45. a4 Be3 46. b3
Bd2 47. f6+ gxf6 48. h6 Kf8 49. gxf6 Bxh6 50. Kf5 Bd2 51. Ke6 Bb4 52. Kd7 Bc3
53. f7 b5 54. axb5 axb5 55. Bxb5 Kxf7 56. Bc6 Kf6 57. Kd6 Kf5 58. Kd5 Kf6 59.
Kc4 Be5 60. b4 Bb8 61. Kc5 Ke6 62. Kb6 Kd6 63. b5 Bc7+ 64. Kb7 Bd8 65. Ka7 Bc7
66. b6 Bxb6+ 67. Kxb6 1/2-1/2

[Event "GBR-ch blitz (Women)"]
[Site "Birmingham"]
[Date "2019.11.16"]
[Round "4"]
[White "Jina, Asha"]
[Black "Norinkeviciute, Rasa"]
[Result "0-1"]
[WhiteElo "1510"]
[BlackElo "1946"]
[PlyCount "72"]
[EventDate "2019.11.16"]
[EventType "tourn (blitz)"]
[EventRounds "15"]
[EventCountry "ENG"]
[SourceTitle "BritBase"]
[Source "John Saunders"]
[SourceDate "2024.03.28"]
[SourceVersion "1"]
[SourceVersionDate "2024.03.28"]
[SourceQuality "1"]

1. e4 d6 2. d4 Nf6 3. Nc3 Nbd7 4. Be3 e5 5. d5 c6 6. dxc6 bxc6 7. f4 Be7 8. Nf3
Qc7 9. Be2 Rb8 10. Rb1 Ng4 11. Qd2 Nxe3 12. Qxe3 O-O 13. O-O d5 14. fxe5 Bc5
15. Nd4 Qxe5 16. Rfd1 Nf6 17. Na4 Bxd4 18. Rxd4 Nxe4 19. Nc3 Bf5 20. Nxe4 Bxe4
21. Bd3 f5 22. Bxe4 fxe4 23. c4 Rbd8 24. cxd5 cxd5 25. Ra4 d4 26. Qb3+ Qd5 27.
Qg3 a5 28. Rd1 d3 29. Qe3 Rfe8 30. Rd2 Qf5 31. Rc4 Rd7 32. b3 Rf7 33. Rf2 Qxf2+
34. Qxf2 Rxf2 35. Kxf2 e3+ 36. Ke1 h6 0-1

[Event "GBR-ch blitz (Women)"]
[Site "Birmingham"]
[Date "2019.11.16"]
[Round "4"]
[White "Orlovska, Madara"]
[Black "Sheikh, Samia Zannat"]
[Result "1/2-1/2"]
[WhiteElo "2094"]
[BlackElo "1595"]
[PlyCount "123"]
[EventDate "2019.11.16"]
[EventType "tourn (blitz)"]
[EventRounds "15"]
[EventCountry "ENG"]
[SourceTitle "BritBase"]
[Source "John Saunders"]
[SourceDate "2024.03.28"]
[SourceVersion "1"]
[SourceVersionDate "2024.03.28"]
[SourceQuality "1"]

1. e4 c5 2. Nf3 g6 3. d4 cxd4 4. Nxd4 Bg7 5. Nc3 Nc6 6. Be3 d6 7. Bc4 Nf6 8.
Bb3 a6 9. f3 O-O 10. Qd2 Bd7 11. O-O-O b5 12. g4 h5 13. Nce2 Rc8 14. gxh5 Nxh5
15. Ng3 Nf6 16. h4 e5 17. Nde2 Qa5 18. Qxa5 Nxa5 19. Rxd6 Nxb3+ 20. axb3 Be6
21. Kb1 Nh5 22. Nxh5 gxh5 23. Ng3 Rfd8 24. Rhd1 Rxd6 25. Rxd6 Bf8 26. Rxa6 Rd8
27. Kc1 Bh3 28. Nxh5 Be7 29. Nf6+ Kh8 30. h5 Bf1 31. Nd5 b4 32. Nxe7 Bxa6 33.
Nd5 Be2 34. f4 exf4 35. Bxf4 Bxh5 36. Be5+ Kh7 37. Nf6+ Kg6 38. Nd5 Bf3 39. c4
bxc3 40. Nxc3 Rc8 41. b4 Bxe4 42. b5 Bd3 43. b6 Ba6 44. Kd2 Rd8+ 45. Ke3 Rd3+
46. Ke4 Rd7 47. Bc7 Bb7+ 48. Ke5 Rd2 49. Na4 f6+ 50. Ke6 Bd5+ 51. Ke7 Bc6 52.
Nc5 Rxb2 53. Kd6 Bh1 54. Na4 Rd2+ 55. Ke6 f5 56. Nc3 f4 57. Bxf4 Rb2 58. Bc7
Rb3 59. Nd5 Rb1 60. Ne7+ Kg7 61. Nf5+ Kh7 62. Ke5 1/2-1/2

[Event "GBR-ch blitz (Women)"]
[Site "Birmingham"]
[Date "2019.11.16"]
[Round "4"]
[White "Posadas, Rayelynn"]
[Black "Mirza, Diana"]
[Result "0-1"]
[WhiteElo "1815"]
[BlackElo "1772"]
[PlyCount "74"]
[EventDate "2019.11.16"]
[EventType "tourn (blitz)"]
[EventRounds "15"]
[EventCountry "ENG"]
[SourceTitle "BritBase"]
[Source "John Saunders"]
[SourceDate "2024.03.28"]
[SourceVersion "1"]
[SourceVersionDate "2024.03.28"]
[SourceQuality "1"]

1. e4 e5 2. Nf3 d6 3. d4 Nd7 4. Bc4 h6 5. O-O Ngf6 6. Re1 Be7 7. Nc3 O-O 8. h3
a6 9. a4 exd4 10. Nxd4 Ne5 11. Bb3 c6 12. Kh1 Rb8 13. Qe2 Qc7 14. f4 Ng6 15.
Nf3 b5 16. e5 dxe5 17. Nxe5 Nxe5 18. fxe5 Nh7 19. Bf4 Be6 20. Bxe6 fxe6 21. Qg4
Ng5 22. Bxg5 Bxg5 23. Qxe6+ Kh8 24. Rad1 Rbe8 25. Qd7 Qb8 26. Qxc6 Rxe5 27.
Rxe5 Qxe5 28. axb5 axb5 29. Qxb5 Qg3 30. Qd3 Qh4 31. Ne4 Bf4 32. g3 Qxh3+ 33.
Kg1 Bc7 34. Rf1 Bb6+ 35. Nf2 Rd8 36. Qf3 Re8 37. b4 h5 0-1

[Event "GBR-ch blitz (Women)"]
[Site "Birmingham"]
[Date "2019.11.16"]
[Round "4"]
[White "Raghavendra, Mahima"]
[Black "Gamal, Alaa"]
[Result "0-1"]
[WhiteElo "1486"]
[BlackElo "1709"]
[PlyCount "58"]
[EventDate "2019.11.16"]
[EventType "tourn (blitz)"]
[EventRounds "15"]
[EventCountry "ENG"]
[SourceTitle "BritBase"]
[Source "John Saunders"]
[SourceDate "2024.03.28"]
[SourceVersion "1"]
[SourceVersionDate "2024.03.28"]
[SourceQuality "1"]

1. d4 Nf6 2. c4 c5 3. Nf3 b6 4. Nc3 cxd4 5. Nxd4 Bb7 6. Bf4 d6 7. Nf3 g6 8. g3
Nh5 9. Bc1 Bg7 10. Bg2 O-O 11. O-O Nd7 12. e4 Nc5 13. Nd2 Nf6 14. Qc2 Rc8 15.
Rb1 a5 16. a4 Nfd7 17. Re1 Ne5 18. Bf1 Qd7 19. f4 Nc6 20. Ne2 Nb4 21. Qd1 Ncd3
22. Nc3 Nxe1 23. Qxe1 Bd4+ 24. Kh1 Nc2 25. Qe2 Bg7 26. Nf3 Nb4 27. Be3 Qc6 28.
Nd5 Rc7 29. Nxc7 Qxc7 0-1

[Event "GBR-ch blitz (Women)"]
[Site "Birmingham"]
[Date "2019.11.16"]
[Round "4"]
[White "Somton, Anita"]
[Black "Milewska, Agnieszka"]
[Result "1-0"]
[WhiteElo "1593"]
[BlackElo "1677"]
[PlyCount "107"]
[EventDate "2019.11.16"]
[EventType "tourn (blitz)"]
[EventRounds "15"]
[EventCountry "ENG"]
[SourceTitle "BritBase"]
[Source "John Saunders"]
[SourceDate "2024.03.28"]
[SourceVersion "1"]
[SourceVersionDate "2024.03.28"]
[SourceQuality "1"]

1. d4 d5 2. Nf3 e6 3. c4 Nf6 4. g3 c5 5. cxd5 Qxd5 6. Bg2 cxd4 7. Qxd4 Qxd4 8.
Nxd4 Bb4+ 9. Bd2 Bxd2+ 10. Nxd2 O-O 11. O-O e5 12. Nb5 Na6 13. Nc4 e4 14. Nbd6
Be6 15. Ne3 Nc5 16. b4 Ncd7 17. Nxe4 Rab8 18. Nd6 b6 19. f4 h6 20. f5 Bxa2 21.
Rxa2 Ne5 22. Rxa7 Rfd8 23. Ndc4 Nxc4 24. Nxc4 Rd4 25. Ne5 Rxb4 26. Nc6 Rb2 27.
Nxb8 Rxe2 28. Nc6 b5 29. Rb7 Rb2 30. Ne5 b4 31. Nd3 Rb3 32. Nxb4 h5 33. Rb8+
Kh7 34. Nc6 Rc3 35. Ne5 Ng4 36. Nxg4 hxg4 37. f6 gxf6 38. Rxf6 Kg7 39. Rf4 Rc1+
40. Bf1 f5 41. Rxf5 Kg6 42. Rf4 Kg5 43. Rg8+ Kh6 44. Rfxg4 Kh7 45. Rd8 Kh6 46.
Rd5 Ra1 47. Rb4 Kg6 48. Rb6+ Kf7 49. Rd7+ Ke8 50. Rc7 Kd8 51. Rh7 Kc8 52. Rg6
Rd1 53. Rg8+ Rd8 54. Bh3+ 1-0

[Event "GBR-ch blitz (Women)"]
[Site "Birmingham"]
[Date "2019.11.16"]
[Round "4"]
[White "Supatan, Dawn"]
[Black "Arora, Prachi"]
[Result "0-1"]
[WhiteElo "1596"]
[BlackElo "1577"]
[PlyCount "46"]
[EventDate "2019.11.16"]
[EventType "tourn (blitz)"]
[EventRounds "15"]
[EventCountry "ENG"]
[SourceTitle "BritBase"]
[Source "John Saunders"]
[SourceDate "2024.03.28"]
[SourceVersion "1"]
[SourceVersionDate "2024.03.28"]
[SourceQuality "1"]

1. e4 e5 2. Nc3 Nc6 3. Bc4 Nf6 4. d3 Bc5 5. Nf3 O-O 6. Be3 d6 7. Bxc5 dxc5 8.
O-O Bg4 9. Qe2 Nd4 10. h3 Nxe2+ 11. Nxe2 Bxf3 12. gxf3 Qd7 13. Kh2 Rfe8 14. Ng3
Rad8 15. Nf5 Nh5 16. Rg1 Nf4 17. Nh6+ Kf8 18. Ng4 b5 19. Bd5 Nxd5 20. exd5 Qxd5
21. Kg3 Qd6 22. Kg2 Qg6 23. Rae1 f5 0-1

[Event "GBR-ch blitz (Women)"]
[Site "Birmingham"]
[Date "2019.11.16"]
[Round "4"]
[White "Toma, Katarzyna"]
[Black "Arakhamia-Grant, Ketevan"]
[Result "1/2-1/2"]
[WhiteElo "2210"]
[BlackElo "2218"]
[PlyCount "84"]
[EventDate "2019.11.16"]
[EventType "tourn (blitz)"]
[EventRounds "15"]
[EventCountry "ENG"]
[SourceTitle "BritBase"]
[Source "John Saunders"]
[SourceDate "2024.03.28"]
[SourceVersion "1"]
[SourceVersionDate "2024.03.28"]
[SourceQuality "1"]

1. e4 c5 2. Nc3 e6 3. Nf3 d6 4. d4 cxd4 5. Nxd4 Nf6 6. Be2 Be7 7. O-O a6 8. a4
Qc7 9. Be3 b6 10. f4 Bb7 11. Bf3 Nbd7 12. Kh1 Nc5 13. e5 Nfe4 14. Nxe4 Nxe4 15.
exd6 Bxd6 16. Qe1 O-O 17. Qh4 Be7 18. Qh3 Rad8 19. c3 g6 20. Nxe6 fxe6 21. Bxe4
Bxe4 22. Qxe6+ Kg7 23. Qxe4 Bf6 24. Qb4 Rd6 25. h3 Rfd8 26. a5 bxa5 27. Qxa5
Qb7 28. b4 Rd3 29. Rae1 Bxc3 30. Re2 Bxb4 31. Qe5+ Kg8 32. f5 Bd6 33. Qe6+ Qf7
34. Qxf7+ Kxf7 35. fxg6+ Kxg6 36. Bb6 Rb8 37. Re6+ Kg7 38. Rxd6 Rxd6 39. Bc7
Rbd8 40. Bxd8 Rxd8 41. Ra1 Rd6 42. Ra5 Kg6 1/2-1/2

[Event "GBR-ch blitz (Women)"]
[Site "Birmingham"]
[Date "2019.11.16"]
[Round "5"]
[White "Arakhamia-Grant, Ketevan"]
[Black "Somton, Anita"]
[Result "1-0"]
[WhiteElo "2218"]
[BlackElo "1593"]
[PlyCount "101"]
[EventDate "2019.11.16"]
[EventType "tourn (blitz)"]
[EventRounds "15"]
[EventCountry "ENG"]
[SourceTitle "BritBase"]
[Source "John Saunders"]
[SourceDate "2024.03.28"]
[SourceVersion "1"]
[SourceVersionDate "2024.03.28"]
[SourceQuality "1"]

1. e4 c6 2. d4 d5 3. e5 Bf5 4. Nd2 e6 5. Nb3 Nd7 6. Nf3 h6 7. Be2 Bb4+ 8. Bd2
Be7 9. O-O Qc7 10. a4 c5 11. dxc5 Nxc5 12. Nxc5 Bxc5 13. Bb5+ Kf8 14. c3 Ne7
15. Qe2 a6 16. Bd3 Bxd3 17. Qxd3 g6 18. Be3 Kg7 19. Bd4 Nf5 20. g4 Nxd4 21.
cxd4 Be7 22. Rac1 Qb6 23. b3 Rac8 24. Rc2 Rxc2 25. Qxc2 h5 26. g5 Rd8 27. Rc1
Qb4 28. Qc3 Rd7 29. h4 Qb6 30. Kg2 Bd8 31. Qc8 Re7 32. Rc3 Bc7 33. b4 a5 34.
bxa5 Qxa5 35. Rc5 Qb6 36. a5 Qb1 37. Rxc7 Rxc7 38. Qxc7 Qe4 39. Qc3 Qg4+ 40.
Kf1 Qe4 41. Qe3 Qb1+ 42. Kg2 Qb5 43. Qd2 Qb1 44. Qf4 Qb5 45. Qf6+ Kg8 46. Qd8+
Kg7 47. Qb6 Qd3 48. Qxb7 Qe4 49. Qb3 Qg4+ 50. Kf1 Qe4 51. a6 1-0

[Event "GBR-ch blitz (Women)"]
[Site "Birmingham"]
[Date "2019.11.16"]
[Round "5"]
[White "Arora, Prachi"]
[Black "Jina, Asha"]
[Result "0-1"]
[WhiteElo "1577"]
[BlackElo "1510"]
[PlyCount "42"]
[EventDate "2019.11.16"]
[EventType "tourn (blitz)"]
[EventRounds "15"]
[EventCountry "ENG"]
[SourceTitle "BritBase"]
[Source "John Saunders"]
[SourceDate "2024.03.28"]
[SourceVersion "1"]
[SourceVersionDate "2024.03.28"]
[SourceQuality "1"]

1. e4 e6 2. Nf3 d5 3. e5 c5 4. Nc3 Nc6 5. Bb5 Bd7 6. O-O Qb6 7. Bxc6 Bxc6 8. d4
Ne7 9. Be3 Nf5 10. dxc5 Bxc5 11. Bxc5 Qxc5 12. a3 O-O 13. Ng5 h6 14. Nf3 d4 15.
b4 Qxc3 16. Re1 Bxf3 17. Qxf3 Qxf3 18. gxf3 Rac8 19. Rad1 Rxc2 20. h3 Rc3 21.
a4 Rb3 0-1

[Event "GBR-ch blitz (Women)"]
[Site "Birmingham"]
[Date "2019.11.16"]
[Round "5"]
[White "Gamal, Alaa"]
[Black "Toma, Katarzyna"]
[Result "0-1"]
[WhiteElo "1709"]
[BlackElo "2210"]
[PlyCount "120"]
[EventDate "2019.11.16"]
[EventType "tourn (blitz)"]
[EventRounds "15"]
[EventCountry "ENG"]
[SourceTitle "BritBase"]
[Source "John Saunders"]
[SourceDate "2024.03.28"]
[SourceVersion "1"]
[SourceVersionDate "2024.03.28"]
[SourceQuality "1"]

1. c4 Nf6 2. g3 g6 3. Bg2 d5 4. cxd5 Nxd5 5. Nc3 Nb6 6. d4 Bg7 7. e3 O-O 8.
Nge2 e5 9. d5 c6 10. dxc6 Nxc6 11. O-O Qe7 12. a3 Rd8 13. Qc2 Be6 14. b4 Rac8
15. Rd1 Bf5 16. Rxd8+ Qxd8 17. Qb3 Qd3 18. Bb2 Be6 19. Qd1 Rd8 20. Qxd3 Rxd3
21. Rd1 Rxd1+ 22. Nxd1 Nc4 23. Bc1 f5 24. Ndc3 e4 25. Bf1 Kf7 26. Nf4 N4e5 27.
Na4 Nf3+ 28. Kg2 Bc8 29. Nc5 b6 30. Nb3 g5 31. Ne2 Be6 32. Nbd4 Ncxd4 33. Nxd4
Nxd4 34. exd4 Bxd4 35. Ba6 h6 36. Bf1 Kf6 37. Ba6 Ke5 38. Kf1 Kd6 39. Ke2 Ke5
40. Bb5 f4 41. gxf4+ gxf4 42. Ba6 Bg4+ 43. Ke1 h5 44. Bb7 Bc3+ 45. Kf1 h4 46.
Kg2 h3+ 47. Kf1 Bf3 48. Kg1 Bg4 49. Bc6 Bd4 50. Kf1 e3 51. fxe3 fxe3 52. Bb5
Ke4 53. Ba6 Be5 54. Bb5 Bxh2 55. Ba6 Be5 56. Bb5 h2 57. Bc6+ Kd3 58. Bh1 e2+
59. Kf2 Bc3 60. Be4+ Kxe4 0-1

[Event "GBR-ch blitz (Women)"]
[Site "Birmingham"]
[Date "2019.11.16"]
[Round "5"]
[White "Milewska, Agnieszka"]
[Black "Head, Louise"]
[Result "0-1"]
[WhiteElo "1677"]
[BlackElo "1844"]
[PlyCount "108"]
[EventDate "2019.11.16"]
[EventType "tourn (blitz)"]
[EventRounds "15"]
[EventCountry "ENG"]
[SourceTitle "BritBase"]
[Source "John Saunders"]
[SourceDate "2024.03.28"]
[SourceVersion "1"]
[SourceVersionDate "2024.03.28"]
[SourceQuality "1"]

1. d4 d5 2. c4 dxc4 3. e4 Nf6 4. e5 Nd5 5. Bxc4 Nb6 6. Bb3 Nc6 7. Nf3 Bf5 8.
Be3 e6 9. Nc3 Nb4 10. O-O N4d5 11. Bg5 Qd7 12. Nxd5 Nxd5 13. Bxd5 Qxd5 14. Qa4+
c6 15. Rac1 h6 16. Bh4 g5 17. Bg3 Be7 18. h3 O-O 19. Rfd1 Rfd8 20. Rc3 a6 21.
Qb3 Qxb3 22. Rxb3 Bc2 23. Rbd3 Bxd1 24. Rxd1 c5 25. Rd2 cxd4 26. Rxd4 Rxd4 27.
Nxd4 Rd8 28. Nf3 Rd1+ 29. Kh2 Rb1 30. Nd2 Rxb2 31. Ne4 Rxa2 32. Nd6 Bxd6 33.
exd6 Rd2 34. Be5 f6 35. Bxf6 Rxd6 36. Kg3 Kf7 37. Be5 Rd5 38. Bb8 Rd4 39. Kf3
Rc4 40. Ke3 b5 41. Kd3 a5 42. Be5 a4 43. f3 a3 44. Kd2 a2 45. g3 b4 46. Kd3 Rc8
47. Kd2 b3 48. f4 Rc2+ 49. Kd1 Rg2 50. fxg5 hxg5 51. h4 gxh4 52. gxh4 b2 53.
Bxb2 Rxb2 54. Kc1 a1=Q# 0-1

[Event "GBR-ch blitz (Women)"]
[Site "Birmingham"]
[Date "2019.11.16"]
[Round "5"]
[White "Mirza, Diana"]
[Black "Supatan, Dawn"]
[Result "1-0"]
[WhiteElo "1772"]
[BlackElo "1596"]
[PlyCount "39"]
[EventDate "2019.11.16"]
[EventType "tourn (blitz)"]
[EventRounds "15"]
[EventCountry "ENG"]
[SourceTitle "BritBase"]
[Source "John Saunders"]
[SourceDate "2024.03.28"]
[SourceVersion "1"]
[SourceVersionDate "2024.03.28"]
[SourceQuality "1"]

1. d4 e6 2. Nf3 d5 3. e3 c5 4. Bd3 Nc6 5. b3 Nf6 6. O-O Bd6 7. Bb2 O-O 8. a3 h6
9. Nbd2 Qe7 10. Ne5 Bd7 11. f4 Bc7 12. g4 Nxe5 13. dxe5 Nh7 14. Qf3 f6 15. exf6
Nxf6 16. Qh3 Nh7 17. Nf3 Rae8 18. Ne5 Bxe5 19. Bxe5 Bc6 20. Qh5 1-0

[Event "GBR-ch blitz (Women)"]
[Site "Birmingham"]
[Date "2019.11.16"]
[Round "5"]
[White "Norinkeviciute, Rasa"]
[Black "Orlovska, Madara"]
[Result "1-0"]
[WhiteElo "1946"]
[BlackElo "2094"]
[PlyCount "142"]
[EventDate "2019.11.16"]
[EventType "tourn (blitz)"]
[EventRounds "15"]
[EventCountry "ENG"]
[SourceTitle "BritBase"]
[Source "John Saunders"]
[SourceDate "2024.03.28"]
[SourceVersion "1"]
[SourceVersionDate "2024.03.28"]
[SourceQuality "1"]

1. d4 f5 2. Bf4 Nf6 3. e3 g6 4. Nf3 Bg7 5. Nbd2 d6 6. c3 O-O 7. Bc4+ e6 8. Qc2
Nc6 9. Ng5 d5 10. Bd3 Ne4 11. Ngf3 Qe7 12. a3 Kh8 13. Ne5 g5 14. Nxc6 bxc6 15.
Be5 Bxe5 16. dxe5 c5 17. c4 Bb7 18. O-O Qg7 19. cxd5 Bxd5 20. Bxe4 fxe4 21.
Nxe4 Qxe5 22. Nxc5 Qd6 23. b4 Kg8 24. Rad1 Qc6 25. f3 a5 26. e4 axb4 27. exd5
exd5 28. axb4 Rab8 29. Rb1 Rf4 30. Qc3 Qd6 31. Nd3 Rh4 32. g3 Rh3 33. Qe5 Qg6
34. Qxd5+ Kh8 35. Qe5+ Kg8 36. Qe4 Qb6+ 37. Kg2 Rh6 38. Qd5+ Kh8 39. Nc5 Rd6
40. Qxg5 Rg6 41. Qe5+ Kg8 42. Rf2 Rf8 43. Qd5+ Kh8 44. Qd4+ Kg8 45. Rbf1 Qc6
46. Qc4+ Kh8 47. Qe4 Qd6 48. Re1 Rg7 49. Qe5 Kg8 50. Qxd6 cxd6 51. Ne6 Rb8 52.
Nxg7 Kxg7 53. Re4 d5 54. Rd4 Kf6 55. Rfd2 Ke6 56. h4 Ke5 57. g4 h5 58. g5 Rb5
59. Kg3 Ke6 60. f4 Kd6 61. R2d3 Ke6 62. Kf3 Kd6 63. f5 Ke5 64. f6 Ke6 65. Kf4
Kd6 66. Kf5 Kd7 67. Rxd5+ Rxd5+ 68. Rxd5+ Kc6 69. Re5 Kd6 70. g6 Kd7 71. f7 Kd8
1-0

[Event "GBR-ch blitz (Women)"]
[Site "Birmingham"]
[Date "2019.11.16"]
[Round "5"]
[White "Smith, Madeleine"]
[Black "Posadas, Rayelynn"]
[Result "0-1"]
[WhiteElo "1354"]
[BlackElo "1815"]
[PlyCount "144"]
[EventDate "2019.11.16"]
[EventType "tourn (blitz)"]
[EventRounds "15"]
[EventCountry "ENG"]
[SourceTitle "BritBase"]
[Source "John Saunders"]
[SourceDate "2024.03.28"]
[SourceVersion "1"]
[SourceVersionDate "2024.03.28"]
[SourceQuality "1"]

1. e4 e5 2. Nf3 Nc6 3. Bc4 Be7 4. Nc3 Nf6 5. d3 O-O 6. Bg5 h6 7. Bh4 d6 8. Qd2
a6 9. a3 Na5 10. Ba2 c6 11. b4 Nc4 12. Bxc4 b5 13. Ba2 a5 14. O-O axb4 15. axb4
Bg4 16. Qe3 Qc7 17. d4 Ra3 18. Bxf7+ Rxf7 19. Rxa3 Rf8 20. h3 Bh5 21. dxe5 dxe5
22. Ra7 Qd6 23. Rd1 Qxb4 24. Bg3 Bc5 25. Qd3 Bf7 26. Nxe5 Bc4 27. Nxc4 bxc4 28.
Qd2 Bxa7 29. e5 Nh5 30. Ne4 Qxd2 31. Rxd2 Rf5 32. e6 Nxg3 33. Nxg3 Re5 34. Rd7
Bc5 35. e7 Bxe7 36. Rc7 c5 37. Kf1 Bf6 38. f3 c3 39. Ne4 Rd5 40. Rxc5 Rd1+ 41.
Ke2 Rg1 42. Kf2 Bd4+ 43. Ke2 Bxc5 44. Nxc5 Rxg2+ 45. Ke3 Rxc2 46. Kd3 Rf2 47.
Kxc3 Rxf3+ 48. Kd4 Rxh3 49. Ke4 Rh5 50. Nd3 Ra5 51. Kf4 g5+ 52. Kg4 Kg7 53. Nf2
Kg6 54. Ne4 Ra4 55. Kf3 Rxe4 56. Kxe4 Kf6 57. Kf3 Kf5 58. Kg3 h5 59. Kf3 g4+
60. Kg3 Kg5 61. Kh2 Kf4 62. Kg2 h4 63. Kf2 g3+ 64. Kg2 Kg4 65. Kf1 Kf3 66. Kg1
h3 67. Kh1 g2+ 68. Kg1 h2+ 69. Kxh2 Kf2 70. Kh3 g1=Q 71. Kh4 Qg6 72. Kh3 Qg3#
0-1

[Event "GBR-ch blitz (Women)"]
[Site "Birmingham"]
[Date "2019.11.16"]
[Round "6"]
[White "Head, Louise"]
[Black "Arakhamia-Grant, Ketevan"]
[Result "0-1"]
[WhiteElo "1844"]
[BlackElo "2218"]
[PlyCount "120"]
[EventDate "2019.11.16"]
[EventType "tourn (blitz)"]
[EventRounds "15"]
[EventCountry "ENG"]
[SourceTitle "BritBase"]
[Source "John Saunders"]
[SourceDate "2024.03.28"]
[SourceVersion "1"]
[SourceVersionDate "2024.03.28"]
[SourceQuality "1"]

1. d4 Nf6 2. c4 g6 3. Nc3 Bg7 4. e4 d6 5. Nf3 O-O 6. Be2 e5 7. Be3 Ng4 8. Bg5
f6 9. Bh4 Nc6 10. dxe5 Ngxe5 11. O-O Be6 12. Nd5 Nxf3+ 13. Bxf3 Ne5 14. Be2 c6
15. Ne3 g5 16. Bg3 Qd7 17. Qc2 Rad8 18. Rad1 Qc7 19. Nf5 Bxf5 20. exf5 Rfe8 21.
Bh5 Re7 22. f4 gxf4 23. Bxf4 Kh8 24. b3 Rg8 25. Qd2 Rd8 26. g4 Qb6+ 27. Kh1 d5
28. Be3 Qc7 29. c5 d4 30. Bf4 Qd7 31. Qf2 Qd5+ 32. Qg2 Qxc5 33. Rc1 Qd5 34.
Qxd5 Rxd5 35. Rcd1 c5 36. g5 Red7 37. gxf6 Bxf6 38. Bxe5 Rxe5 39. Bg4 Rde7 40.
h3 Kg7 41. Rf2 Re1+ 42. Rxe1 Rxe1+ 43. Kg2 Re3 44. Rc2 b6 45. b4 Be7 46. bxc5
Bxc5 47. Rd2 Kf6 48. h4 a5 49. Rd1 d3 50. Rd2 Bb4 51. Rd1 d2 52. Kf2 Ra3 53.
Ra1 Bc3 54. Rb1 Rxa2 55. Rxb6+ Ke5 56. Ke2 Ra1 57. Rb5+ Kf6 58. Rb6+ Ke5 59.
Rb5+ Kd6 60. Rb8 d1=Q+ 0-1

[Event "GBR-ch blitz (Women)"]
[Site "Birmingham"]
[Date "2019.11.16"]
[Round "6"]
[White "Jina, Asha"]
[Black "Mirza, Diana"]
[Result "0-1"]
[WhiteElo "1510"]
[BlackElo "1772"]
[PlyCount "67"]
[EventDate "2019.11.16"]
[EventType "tourn (blitz)"]
[EventRounds "15"]
[EventCountry "ENG"]
[SourceTitle "BritBase"]
[Source "John Saunders"]
[SourceDate "2024.03.28"]
[SourceVersion "1"]
[SourceVersionDate "2024.03.28"]
[SourceQuality "1"]

1. Nf3 c5 2. g3 Nc6 3. Bg2 g6 4. O-O Bg7 5. c4 e5 6. d3 Nge7 7. Nc3 O-O 8. e3
d6 9. Bd2 Be6 10. a3 h6 11. Qc1 f5 12. Nh4 g5 13. Nf3 a5 14. Ne2 a4 15. Bc3 Na5
16. Qc2 Nb3 17. Rad1 Ng6 18. Nd2 Qb6 19. Nxb3 axb3 20. Qd2 f4 21. exf4 gxf4 22.
gxf4 exf4 23. Bxg7 Kxg7 24. Be4 Bh3 25. Rfe1 f3 26. Ng3 Nf4 27. Bxf3 Qd8 28.
Bd5 Qg5 29. Kh1 Nxd5 30. cxd5 Qxd5+ 31. Ne4 Rf5 32. Rg1+ Kh8 33. Qc3+ Re5 34.
f4 0-1

[Event "GBR-ch blitz (Women)"]
[Site "Birmingham"]
[Date "2019.11.16"]
[Round "6"]
[White "Orlovska, Madara"]
[Black "Arora, Prachi"]
[Result "1-0"]
[WhiteElo "2094"]
[BlackElo "1577"]
[PlyCount "45"]
[EventDate "2019.11.16"]
[EventType "tourn (blitz)"]
[EventRounds "15"]
[EventCountry "ENG"]
[SourceTitle "BritBase"]
[Source "John Saunders"]
[SourceDate "2024.03.28"]
[SourceVersion "1"]
[SourceVersionDate "2024.03.28"]
[SourceQuality "1"]

1. d4 d5 2. e4 dxe4 3. Nc3 Nf6 4. f3 exf3 5. Qxf3 Nc6 6. Bb5 Bd7 7. d5 Nd4 8.
Bxd7+ Qxd7 9. Qd3 Nf5 10. Bf4 O-O-O 11. O-O-O Ng4 12. Qf3 Nd4 13. Rxd4 e5 14.
Ra4 exf4 15. Rxa7 Qf5 16. Ra8+ Kd7 17. Rxd8+ Kxd8 18. Nge2 Bc5 19. d6 Be3+ 20.
Kb1 cxd6 21. Qxb7 Re8 22. Nd5 Bc5 23. Qc7# 1-0

[Event "GBR-ch blitz (Women)"]
[Site "Birmingham"]
[Date "2019.11.16"]
[Round "6"]
[White "Posadas, Rayelynn"]
[Black "Supatan, Dawn"]
[Result "1-0"]
[WhiteElo "1815"]
[BlackElo "1596"]
[PlyCount "51"]
[EventDate "2019.11.16"]
[EventType "tourn (blitz)"]
[EventRounds "15"]
[EventCountry "ENG"]
[SourceTitle "BritBase"]
[Source "John Saunders"]
[SourceDate "2024.03.28"]
[SourceVersion "1"]
[SourceVersionDate "2024.03.28"]
[SourceQuality "1"]

1. e4 e5 2. Nf3 Nc6 3. d4 exd4 4. Nxd4 Bc5 5. Be3 Bb6 6. Bc4 d6 7. O-O Nf6 8.
Nc3 O-O 9. a4 a6 10. Qd2 Qe7 11. Nxc6 bxc6 12. Bd3 Bxe3 13. Qxe3 Bd7 14. b3
Rfe8 15. Rad1 d5 16. f3 a5 17. Rfe1 dxe4 18. Nxe4 Nxe4 19. fxe4 Bg4 20. Rd2
Rad8 21. h3 Bh5 22. Rf2 Bg6 23. Kh1 Qe6 24. Rf4 h6 25. e5 Rd5 26. Bc4 1-0